Príprava fenylazopyridín-substituovaných 1H-benzo[d]imidazolov – nových fotoizomerizovateľných ligandov pre spin-crossover komplexy
Salvato in:
| Autore principale: | |
|---|---|
| Altri autori: | |
| Natura: | Manoscritto Libro |
| Lingua: | slovacco |
| Pubblicazione: |
2019
|
| Soggetti: | |
| Accesso online: | http://is.stuba.sk/zp/portal_zp.pl?podrobnosti=143047 |
| Tags: |
Nessun Tag, puoi essere il primo ad aggiungerne!!
|
MARC
| LEADER | 00000ntm a22000003a 4500 | ||
|---|---|---|---|
| 001 | stuzp74594 | ||
| 003 | SK-STU | ||
| 005 | 20190601211516.3 | ||
| 007 | ta | ||
| 008 | 150427s2015----xo-----f-mn---000-0-slo-d | ||
| 040 | |a STU |b slo | ||
| 041 | 0 | |a slo | |
| 100 | 1 | |a Orvoš, Jakub |u 048140 |k Z4 |4 aut |U FCHPT Ústav organickej chémie, katalýzy a petrochémie |T FCHPT Oddelenie organickej chémie |X 76429 |U C8140 |Y 124 |7 76429 | |
| 242 | 0 | 1 | |a Preparation of Phenylazopyridine-Substituted 1H-Benzo[d]imidazoles – New Photoisomerizable Ligands for Spin-Crossover Complexes |y eng |
| 245 | 1 | 0 | |a Príprava fenylazopyridín-substituovaných 1H-benzo[d]imidazolov – nových fotoizomerizovateľných ligandov pre spin-crossover komplexy |
| 260 | |c 2019 | ||
| 650 | 4 | |a spin-crossover |2 slo | |
| 650 | 4 | |a fotoizomerizácia |2 slo | |
| 650 | 4 | |a 1H-benzo[d]imidazolpyridín |2 slo | |
| 650 | 4 | |a fenylazopyridín |2 slo | |
| 650 | 4 | |a spin-crossover |2 eng | |
| 650 | 4 | |a photoisomerisation |2 eng | |
| 650 | 4 | |a 1H-benzo[d]imidazolepyridine |2 eng | |
| 650 | 4 | |a phenylazopyridine |2 eng | |
| 700 | 1 | |a Fischer, Róbert |u 048140 |k Z1 |4 ths |U FCHPT Ústav organickej chémie, katalýzy a petrochémie |T FCHPT Oddelenie organickej chémie |X 68202 |U C8140 |Y 124 |7 A000068202 | |
| 856 | 4 | |u http://is.stuba.sk/zp/portal_zp.pl?podrobnosti=143047 | |